[Event "AUTO-ADV-2524"]
[Site "http://www.queenalice.com/game.php?id=1068535"]
[Date "2012.6.5"]
[Round "1"]
[White "musampa"]
[Black "Trevuz"]
[Result "1/2-1/2"]
[WhiteElo "1926"]
[BlackElo "2004"]

1. e4 c6 2. d4 d5 3. e5 Bf5 4. g4 Bg6 5. f4 Be4 6. Nf3 e6 7. h4 g6 8. Nc3 Bxf3
9. Qxf3 Ne7 10. Bd3 Nd7 11. a3 a6 12. Be3 Qc7 13. O-O-O Rc8 14. Rdf1 b5 15. f5
gxf5 16. gxf5 exf5 17. Bxf5 Nxf5 18. Qxf5 Nb6 19. e6 fxe6 20. Qxe6+ Qe7 21.
Qxe7+ Bxe7 22. Bg5 Bxg5+ 23. hxg5 Ke7 24. Rh6 Nc4 25. Re1+ Kd7 26. Reh1 Rhg8 27.
Rxh7+ Ke6 28. Rg1 Kf5 29. Rf7+ Kg6 30. Rf6+ Kg7 31. Re1 Rge8 32. Rfe6 Rxe6 33.
Rxe6 a5 34. Ne2 a4 35. Nf4 Rc7 36. Rg6+ Kh7 37. Rh6+ Kg8 38. Ne6 Rf7 39. Rg6+
Kh7 40. Rf6 Rxf6 41. gxf6 Kg6 42. f7 Kxf7 43. Nd8+ Kf6 44. Nxc6 Ke6 45. c3 Kd7
46. Nb4 Kd6 47. Kc2 Ne3+ 48. Kc1 Nc4 49. Na6 Kc6 50. Nc5 Kd6 51. Kb1 Ne3 52. b3
axb3 53. Nxb3 Nd1 54. Kc2 Ne3+ 55. Kb2 Nd1+ 56. Kc2 1/2-1/2

[Event "AUTO-OPEN-2809"]
[Site "http://www.queenalice.com/game.php?id=1109762"]
[Date "2012.10.5"]
[Round "1"]
[White "vult0"]
[Black "Trevuz"]
[Result "0-1"]
[WhiteElo "1894"]
[BlackElo "2022"]

1. e4 c6 2. Nf3 d5 3. exd5 cxd5 4. d4 Bg4 5. Be2 Nf6 6. c3 Nc6 7. Bf4 e6 8. Nbd2
Be7 9. O-O O-O 10. Bd3 Rc8 11. Qc2 Nb4 12. Qb1 Nxd3 13. Qxd3 Bf5 14. Qe2 h6 15.
Ne5 a6 16. a3 Qb6 17. Ndf3 Rfd8 18. h3 Ne4 19. Nd2 Qxb2 20. Qh5 g6 21. Qxh6 Nxd2
22. Bxd2 Bf8 23. Qe3 Qb6 24. Qg3 Bg7 25. h4 Qc7 26. h5 Bxe5 27. dxe5 Qc4 28.
hxg6 fxg6 29. Bg5 Rd7 30. Bf6 Qxc3 31. Rac1 Qxc1 32. Rxc1 Rxc1+ 33. Kh2 Rh7+ 34.
Bh4 Rc4 35. f4 Rd4 36. Qg5 Rf7 37. Qd8+ Rf8 38. Qg5 Bd3 39. Qh6 Rf7 40. Qg5
Rdxf4 41. Qd8+ Rf8 42. Qg5 R4f7 43. Qe3 Be4 44. Bf6 Rc8 45. Kg3 Rc2 46. Qh6
Rxg2+ 47. Kf4 Rh7 0-1

[Event "AUTO-OPEN-2809"]
[Site "http://www.queenalice.com/game.php?id=1109763"]
[Date "2012.10.5"]
[Round "1"]
[White "Trevuz"]
[Black "vult0"]
[Result "1-0"]
[WhiteElo "2001"]
[BlackElo "1844"]

1. d4 d5 2. c4 c6 3. cxd5 cxd5 4. Nc3 Nf6 5. Nf3 e6 6. Bg5 Be7 7. e3 Nc6 8. Rc1
a6 9. Bd3 Bb4 10. O-O h6 11. Bf4 O-O 12. Bb1 Bxc3 13. bxc3 Na5 14. Nd2 b5 15. e4
Nc4 16. e5 Nxd2 17. Qxd2 Ne4 18. Qd3 f5 19. exf6 Nxf6 20. Bxh6 1-0

[Event "AUTO-OPEN-2809"]
[Site "http://www.queenalice.com/game.php?id=1109786"]
[Date "2012.10.5"]
[Round "1"]
[White "adrb"]
[Black "Trevuz"]
[Result "1/2-1/2"]
[WhiteElo "2221"]
[BlackElo "2033"]

1. d4 Nf6 2. c4 e6 3. Nf3 b6 4. Nc3 Bb7 5. Bg5 d5 6. e3 Be7 7. Bd3 O-O 8. O-O
Nbd7 9. Ne5 Nxe5 10. dxe5 Nd7 11. Bxe7 Qxe7 12. cxd5 exd5 13. f4 Rfd8 14. Qh5 g6
15. Qh6 Qf8 16. Qh3 Nc5 17. Bc2 d4 18. exd4 Rxd4 19. Rad1 Rad8 20. Rxd4 Rxd4 21.
Qe3 Qd8 22. Nb1 Ne4 23. Qe1 Nd2 24. Rf2 Nxb1 25. Qxb1 Rd2 26. Qe1 Rxf2 27. Qxf2
Qd5 28. Bb3 Qe4 29. h4 Bd5 30. Bxd5 Qxd5 31. b3 h5 32. Kh2 c5 33. Qe2 Qd4 34.
Qf3 Qd7 35. Qg3 Qf5 36. Qe3 Qd7 37. Qg3 Qf5 38. Qe3 Qd7 1/2-1/2

[Event "AUTO-OPEN-2809"]
[Site "http://www.queenalice.com/game.php?id=1109787"]
[Date "2012.10.5"]
[Round "1"]
[White "Trevuz"]
[Black "adrb"]
[Result "0-1"]
[WhiteElo "2041"]
[BlackElo "2207"]

1. d4 Nf6 2. c4 g6 3. Nc3 Bg7 4. e4 d6 5. f3 O-O 6. Be3 b6 7. Qd2 c5 8. Nge2
Nbd7 9. Bh6 Bxh6 10. Qxh6 Bb7 11. g4 cxd4 12. Nxd4 Kh8 13. h4 a6 14. h5 Ng8 15.
Qe3 e5 16. Nc2 g5 17. h6 Qf6 18. Rh5 Nxh6 19. O-O-O Rg8 20. Be2 Rg6 21. Rdh1 Rb8
22. Nb4 Kg7 23. Nbd5 Qd8 24. Qf2 Bxd5 25. Nxd5 Nf6 26. Nxf6 Qxf6 27. Kb1 Qf4 28.
Qh2 Qxh2 29. R1xh2 Rh8 30. a4 Ng8 31. Bd1 h6 32. Rd2 Ne7 33. Rhh2 Nc6 34. Rd5
Nd4 35. b3 Rf6 36. Rh3 Rb8 37. Kb2 Nc6 38. Rh2 Nb4 39. Rdd2 Nc6 40. Rd5 Nd4 41.
Rh3 a5 42. Kc3 Rc8 43. Kd3 Rc5 44. Ke3 Re6 45. Rh2 Rxd5 46. cxd5 Re7 47. Kd3 Rc7
48. Kd2 b5 49. Kd3 b4 50. Rb2 Rc3+ 51. Kd2 Nxf3+ 0-1

[Event "AUTO-OPEN-2809"]
[Site "http://www.queenalice.com/game.php?id=1109802"]
[Date "2012.10.5"]
[Round "1"]
[White "Trevuz"]
[Black "azad_m"]
[Result "1-0"]
[WhiteElo "2015"]
[BlackElo "1674"]

1. d4 d5 2. c4 Nf6 3. Nf3 Bf5 4. Nc3 e6 5. Bg5 Be7 6. e3 O-O 7. Rc1 Nc6 8. a3 h6
9. Bh4 Na5 10. cxd5 Nxd5 11. Bxe7 Nxe7 12. Ne5 b6 13. b4 Nb7 14. Ba6 Nd6 15. O-O
Ng6 16. g4 Be4 17. Nxe4 Nxe4 18. Bb7 1-0

[Event "AUTO-OPEN-2809"]
[Site "http://www.queenalice.com/game.php?id=1109803"]
[Date "2012.10.5"]
[Round "1"]
[White "azad_m"]
[Black "Trevuz"]
[Result "0-1"]
[WhiteElo "1672"]
[BlackElo "2017"]

1. e4 c6 2. Bc4 d5 3. exd5 cxd5 4. Bb3 Nf6 5. d4 Nc6 6. Nf3 Bg4 7. c3 e6 8. Bg5
Be7 9. O-O O-O 10. Nbd2 b5 11. Re1 a5 12. Bc2 Qc7 13. Bd3 Rab8 14. h3 Bh5 15.
Qe2 b4 16. Bh4 bxc3 0-1

[Event "Challenge"]
[Site "http://www.queenalice.com/game.php?id=1115933"]
[Date "2012.10.25"]
[Round "-"]
[White "Trevuz"]
[Black "adelio"]
[Result "1-0"]
[WhiteElo "2019"]
[BlackElo "1691"]

1. d4 d5 2. c4 Nf6 3. Nf3 Ne4 4. Nc3 Nxf2 5. Kxf2 f6 6. cxd5 Bg4 7. Bf4 g5 8.
Bg3 e6 9. dxe6 Bxe6 10. e4 a6 11. Be2 h5 12. h3 g4 13. hxg4 Bxg4 14. Nh4 Nc6 15.
d5 Ne5 16. Bxg4 Bc5+ 17. Ke2 hxg4 18. Nf5 Kd7 19. Qb3 Kc8 20. Na4 Bf8 21. Rxh8
Nf7 22. Rh7 Nd6 23. Nxd6+ Bxd6 24. Rc1 Bxg3 25. Qxg3 c6 26. dxc6 bxc6 27. Rxc6+
Qc7 28. Qxc7# 1-0

[Event "AUTO-OPEN-2809"]
[Site "http://www.queenalice.com/game.php?id=1135113"]
[Date "2012.12.28"]
[Round "2"]
[White "Buddhahead"]
[Black "Trevuz"]
[Result "1-0"]
[WhiteElo "2218"]
[BlackElo "2023"]

1. d4 Nf6 2. c4 e6 3. Nc3 Bb4 4. e3 d5 5. cxd5 exd5 6. Bd3 O-O 7. Ne2 c6 8. Qc2
Re8 9. a3 Bd6 10. b4 a6 11. Rb1 Nbd7 12. a4 Nf8 13. b5 Ng6 14. bxc6 bxc6 15. Na2
Qc7 16. h3 Ne4 17. O-O a5 18. Rb3 Ba6 19. Bxa6 Rxa6 20. Ba3 Re6 21. Nac3 Ng5 22.
Bxd6 Qxd6 23. Rfb1 Ra8 24. Ng3 Nh4 25. Nce2 Ne4 26. Nxe4 Rxe4 27. Rb6 Re6 28.
Ng3 Rae8 29. Rc1 Rc8 30. Qc5 Ng6 31. Qxa5 Qa3 32. Rcxc6 Rexc6 33. Rxc6 Rxc6 34.
Qa8+ Nf8 35. Qxc6 g6 36. Qb5 Ne6 37. a5 1-0

[Event "AUTO-OPEN-2809"]
[Site "http://www.queenalice.com/game.php?id=1135114"]
[Date "2012.12.28"]
[Round "2"]
[White "Trevuz"]
[Black "Buddhahead"]
[Result "0-1"]
[WhiteElo "2032"]
[BlackElo "2211"]

1. d4 Nf6 2. c4 g6 3. Nc3 Bg7 4. e4 d6 5. f3 O-O 6. Be3 c5 7. dxc5 dxc5 8. Qxd8
Rxd8 9. Bxc5 Nc6 10. Be2 Nd7 11. Be3 Bxc3+ 12. bxc3 Nde5 13. Rd1 Be6 14. c5 Bxa2
15. Nh3 Bc4 16. Nf4 Bxe2 17. Kxe2 Nc4 18. Bf2 Rxd1 19. Rxd1 Rd8 20. Nd5 e6 21.
Bh4 Rb8 22. Ne7+ Kf8 23. Nxc6 bxc6 24. Rd8+ Rxd8 25. Bxd8 Ke8 26. Bc7 Kd7 27.
Bf4 f6 28. Kd3 Na5 29. c4 Nb7 30. Be3 Nd8 31. Kc3 Nf7 32. f4 e5 33. g3 Ke6 34.
Kb4 f5 35. Ka5 fxe4 36. Ka6 exf4 37. gxf4 Nh6 0-1

[Event "AUTO-OPEN-2809"]
[Site "http://www.queenalice.com/game.php?id=1135125"]
[Date "2012.12.28"]
[Round "2"]
[White "Trevuz"]
[Black "ErasmudoPorto"]
[Result "1-0"]
[WhiteElo "2023"]
[BlackElo "1845"]

1. d4 d5 2. c4 Bf5 3. Nc3 e6 4. Qb3 b6 5. Nf3 c6 6. Bf4 Bd6 7. Bxd6 Qxd6 8. e3
Nf6 9. Be2 O-O 10. O-O Nbd7 11. Rac1 Rfc8 12. Rfd1 Ne4 13. a4 1-0

[Event "AUTO-OPEN-2809"]
[Site "http://www.queenalice.com/game.php?id=1135126"]
[Date "2012.12.28"]
[Round "2"]
[White "ErasmudoPorto"]
[Black "Trevuz"]
[Result "0-1"]
[WhiteElo "1855"]
[BlackElo "2013"]

1. Nf3 Nf6 2. d4 e6 3. c4 b6 4. Nc3 Bb7 5. e3 Be7 6. Be2 O-O 7. O-O d5 8. Bd2
Nbd7 9. Rc1 c5 10. h3 Rc8 11. Qb3 cxd4 12. Nxd4 dxc4 13. Bxc4 Nc5 0-1

[Event "AUTO-OPEN-2809"]
[Site "http://www.queenalice.com/game.php?id=1135127"]
[Date "2012.12.28"]
[Round "2"]
[White "Trevuz"]
[Black "CEMPORCENTOJESUS"]
[Result "1/2-1/2"]
[WhiteElo "2017"]
[BlackElo "1411"]

1. d4 d5 2. c4 dxc4 3. e3 e6 4. Bxc4 c5 5. Nf3 cxd4 6. exd4 Be7 7. O-O Nf6 8.
Qe2 Nc6 9. Rd1 Nd5 10. a3 a5 11. Nc3 O-O 12. Ne4 h6 13. Bb3 Qb6 14. Bc2 Rd8 15.
Qd3 Qa6 16. Qd2 Bf6 17. Nc5 Qb6 18. Qd3 Nxd4 19. Qh7+ Kf8 20. Nxd4 Qxc5 21. Be3
Nxe3 22. fxe3 e5 23. Nf5 Bxf5 24. Qxf5 Qxe3+ 25. Kh1 Rxd1+ 26. Rxd1 Rd8 27.
Rxd8+ Bxd8 28. Qf1 Bg5 29. Qd1 Qc1 30. b3 Qxa3 31. h3 Qc1 32. Kg1 Qxd1+ 33. Bxd1
b5 34. Kf2 b4 35. Ke2 h5 36. Kd3 h4 37. Ke4 Bf6 38. Kd5 g5 39. Bc2 Ke7 40. Bd3
Bg7 41. Bf5 f6 42. Bc2 Kf7 43. Bf5 Ke7 44. Bc2 Kd7 45. Bf5+ Ke7 1/2-1/2

[Event "AUTO-OPEN-2809"]
[Site "http://www.queenalice.com/game.php?id=1135128"]
[Date "2012.12.28"]
[Round "2"]
[White "CEMPORCENTOJESUS"]
[Black "Trevuz"]
[Result "0-1"]
[WhiteElo "1390"]
[BlackElo "2015"]

1. e4 c6 2. d4 d5 3. Nc3 dxe4 4. Nxe4 Nd7 5. Nf3 Ngf6 6. Ng3 Nb6 7. Be2 Bg4 8.
Ne5 Bxe2 9. Kxe2 e6 10. Re1 Qd5 11. Kf1 Be7 12. b3 Rd8 13. Bb2 Nbd7 14. Nc4 O-O
15. Ne3 Qg5 16. Qf3 h5 17. Bc1 Qg6 18. c3 h4 19. Nh1 Nb6 20. Nf5 exf5 21. Rxe7
Rd7 22. Rxd7 Nbxd7 23. Qf4 Nd5 24. Qxh4 Nxc3 25. Bb2 Nd5 26. Re1 f4 27. Qh3 N7f6
28. Ba3 Re8 29. Rc1 Ne4 30. Qd7 Nd2+ 31. Kg1 Qe4 32. h3 Re6 33. Qd8+ Re8 34. Qd7
Re6 35. Qd8+ Kh7 36. Bb2 Rg6 37. Qh4+ Rh6 38. Qg4 Nf6 39. Qd1 Rg6 40. g3 Nf3+
41. Kf1 Nd5 42. Qe2 Nh2+ 43. Kg1 Qxe2 0-1

[Event "Challenge"]
[Site "http://www.queenalice.com/game.php?id=1144078"]
[Date "2013.1.23"]
[Round "-"]
[White "Trevuz"]
[Black "jeancarlo1910"]
[Result "1-0"]
[WhiteElo "2032"]
[BlackElo "1842"]

1. d4 d5 2. c4 c6 3. cxd5 cxd5 4. Nc3 Nc6 5. Nf3 Bg4 6. Bf4 Nf6 7. Ne5 e6 8.
Nxg4 Bb4 9. Nxf6+ Qxf6 10. e3 a6 11. Be2 Bxc3+ 12. bxc3 Ne7 13. Qa4+ Nc6 14. O-O
O-O 15. Rfc1 b5 16. Qb3 Na5 17. Qa3 Nc4 18. Bxc4 bxc4 19. Rab1 h6 20. Rb7 Qf5
21. Qb2 Qd3 22. Qc2 Qxc2 23. Rxc2 a5 24. a4 f6 25. Rcb2 Rf7 26. Rxf7 Kxf7 27.
Rb7+ Kg6 28. g4 f5 29. h3 Rg8 30. Ra7 Kf6 31. Rxa5 Re8 32. Ra7 Re7 33. Rxe7 h5
34. Rb7 g5 35. Be5+ 1-0

[Event "OS INCLIVEIS"]
[Site "http://www.queenalice.com/game.php?id=1147750"]
[Date "2013.2.1"]
[Round "-"]
[White "adelio"]
[Black "Trevuz"]
[Result "0-1"]
[WhiteElo "1796"]
[BlackElo "2003"]

1. d4 Nf6 2. c4 e6 3. a3 b6 4. Nc3 Bb7 5. e4 Nxe4 6. Nf3 Be7 7. Ne5 Nf6 8. Nxf7
Kxf7 9. d5 Rf8 10. dxe6+ dxe6 11. Qxd8 Rxd8 12. Bg5 Nbd7 13. Rd1 Ne5 14. Bxf6
Rxd1+ 15. Nxd1 Bxf6 16. f3 Rd8 17. Nc3 Nd3+ 18. Bxd3 Bxc3+ 19. bxc3 Rxd3 20. O-O
Rxc3 21. Rd1 Rxc4 22. Kf2 Bd5 23. Kg3 Rc2 24. h4 h5 25. Rg1 Ra2 26. f4 Rxa3+ 27.
Kh2 a5 28. g4 hxg4 29. Rxg4 Rf3 30. h5 a4 31. Rh4 a3 32. h6 a2 33. h7 a1=Q 34.
Rg4 Rf2+ 35. Kg3 Rg2+ 36. Kh4 Qh1+ 37. Kg5 Qh6# 0-1

[Event "AUTO-MASTER-1854"]
[Site "http://www.queenalice.com/game.php?id=1171543"]
[Date "2013.4.14"]
[Round "1"]
[White "Trevuz"]
[Black "chessman"]
[Result "1-0"]
[WhiteElo "2040"]
[BlackElo "1854"]

1. d4 d5 2. c4 e6 3. Nf3 Nf6 4. Bg5 Be7 5. e3 O-O 6. Nc3 c6 7. Rc1 h6 8. Bh4
Nbd7 9. Bd3 dxc4 10. Bxc4 Nb6 11. Bd3 Nbd5 12. O-O Nb6 13. Qe2 Nbd5 14. Ne5 Nb4
15. Bb1 Nbd5 16. a3 Nxc3 17. Rxc3 Re8 18. Bxf6 Bxf6 19. Qd3 Bxe5 20. Qh7+ Kf8
21. dxe5 Qg5 22. f4 Qg4 23. Be4 Ke7 24. h3 Qg3 25. Rf3 Qe1+ 26. Kh2 Qd2 27. Qxg7
1-0

[Event "AUTO-MASTER-1854"]
[Site "http://www.queenalice.com/game.php?id=1171544"]
[Date "2013.4.14"]
[Round "1"]
[White "chessman"]
[Black "Trevuz"]
[Result "0-1"]
[WhiteElo "1863"]
[BlackElo "2031"]

1. e4 c6 2. d4 d5 3. Nc3 dxe4 4. Nxe4 Nd7 5. Bc4 Ngf6 6. Nxf6+ Nxf6 7. Nf3 e6 8.
c3 Be7 9. O-O O-O 10. Ne5 Qb6 11. h3 Rd8 12. Bb3 c5 13. Nf3 Bd7 14. Bg5 a5 15.
Re1 cxd4 16. Nxd4 a4 17. Bc4 Qxb2 18. Bd2 Qa3 19. Qe2 Rac8 20. Rad1 Qc5 21. Bd3
Bf8 22. g4 Nd5 23. Rc1 Bd6 24. Qe4 g6 25. Bh6 Bf8 26. Bg5 Re8 27. h4 Nxc3 0-1

[Event "AUTO-MASTER-1854"]
[Site "http://www.queenalice.com/game.php?id=1171545"]
[Date "2013.4.14"]
[Round "1"]
[White "Trevuz"]
[Black "battit"]
[Result "1/2-1/2"]
[WhiteElo "2049"]
[BlackElo "2309"]

1. d4 Nf6 2. c4 g6 3. Nc3 Bg7 4. e4 d6 5. f3 O-O 6. Be3 Nc6 7. Qd2 Re8 8. Nge2
a6 9. h4 h5 10. Nc1 e5 11. d5 Nd4 12. N1e2 Nxe2 13. Bxe2 Bd7 14. O-O-O b5 15. c5
b4 16. Nb1 dxc5 17. Bxc5 a5 18. Qe3 Qc8 19. Nd2 Kh7 20. Qg1 Bh6 21. Kb1 Rb8 22.
g3 a4 23. Rh2 a3 24. b3 Bb5 25. Bxb5 Rxb5 26. Nc4 Nd7 27. Be3 Bg7 28. g4 Nf6 29.
g5 Nd7 30. Rc1 Qb8 31. Rhc2 Bf8 32. Nd2 Bd6 33. Qf2 Nb6 34. Qe2 Ra5 35. Rc6 Rd8
36. Bxb6 cxb6 37. Nc4 Rc5 38. Rxb6 Qc7 39. Rxb4 Rxd5 40. Nxd6 Qxd6 41. Rb7 Rd2
42. Rxf7+ Kh8 43. Qc4 Rb2+ 44. Ka1 Qd2 45. Rh7+ Kxh7 46. Qf7+ 1/2-1/2

[Event "AUTO-MASTER-1854"]
[Site "http://www.queenalice.com/game.php?id=1171546"]
[Date "2013.4.14"]
[Round "1"]
[White "battit"]
[Black "Trevuz"]
[Result "1-0"]
[WhiteElo "2211"]
[BlackElo "2040"]

1. e4 c6 2. d4 d5 3. Nd2 dxe4 4. Nxe4 Nd7 5. Nf3 Ngf6 6. Nxf6+ Nxf6 7. Bd3 Bg4
8. c3 e6 9. O-O Be7 10. Bf4 O-O 11. h3 Bh5 12. Re1 a5 13. g4 Bg6 14. Bxg6 hxg6
15. Ne5 Qb6 16. Qe2 Rfd8 17. Nxf7 1-0

[Event "AUTO-MASTER-1854"]
[Site "http://www.queenalice.com/game.php?id=1171547"]
[Date "2013.4.14"]
[Round "1"]
[White "Trevuz"]
[Black "Diego_Silveira"]
[Result "0-1"]
[WhiteElo "2085"]
[BlackElo "2014"]

1. d4 d5 2. c4 c6 3. cxd5 cxd5 4. Nc3 Nf6 5. Nf3 Bf5 6. Bf4 Nc6 7. e3 a6 8. Be2
e6 9. O-O Bd6 10. Bxd6 Qxd6 11. a3 O-O 12. Rc1 Rac8 13. Na4 Na5 14. Nc5 Rc7 15.
Ne5 Rfc8 16. Qa4 Nc6 17. Nxa6 bxa6 18. Bxa6 Nxe5 19. dxe5 Qxe5 20. Bxc8 Rxc1 21.
Rxc1 Qxb2 22. Re1 h6 23. Ba6 Ne4 24. Be2 Nc3 25. Qa6 Qd2 26. Ra1 Nxe2+ 27. Kh1
Qb2 28. Re1 Nc3 29. Kg1 Qd2 30. Ra1 Bd3 31. Qc8+ Kh7 32. Qe8 Bg6 33. h3 Ne4 34.
Rf1 d4 35. exd4 Qxd4 36. a4 Ng3 37. Re1 Qd2 38. Ra1 Qd4 39. Re1 Qd2 40. Ra1 Ne2+
41. Kh1 Nf4 42. Qc6 Qxf2 43. Qf3 Qd4 44. Re1 Qxa4 45. Kh2 Qb4 46. Re3 Qd6 47.
Kg1 Nd5 48. Re1 Qc5+ 49. Kh1 Qc3 50. Qe2 Bd3 51. Qf2 Qf6 52. Qd2 Qc3 53. Qxc3
Nxc3 54. Re3 Be4 55. Rxc3 Kg6 56. Kg1 f5 57. Kf2 Kg5 58. Re3 Kh4 59. Ra3 Kg5 60.
Ra5 g6 61. Rc5 Bd5 62. Rc3 Kf6 63. Ra3 Kg5 64. Re3 Be4 65. Ra3 h5 66. Re3 h4 67.
Re1 Kf4 68. Re2 g5 69. Re1 g4 70. hxg4 fxg4 71. Re2 e5 72. Re1 Bd3 73. Re3 g3+
0-1

[Event "AUTO-MASTER-1854"]
[Site "http://www.queenalice.com/game.php?id=1171548"]
[Date "2013.4.14"]
[Round "1"]
[White "Diego_Silveira"]
[Black "Trevuz"]
[Result "0-1"]
[WhiteElo "1982"]
[BlackElo "2059"]

1. d4 Nf6 2. c4 e6 3. Nf3 b6 4. g3 Ba6 5. b3 Bb4+ 6. Bd2 Be7 7. Nc3 c6 8. e4 d5
9. e5 Nfd7 10. cxd5 cxd5 11. Bxa6 Nxa6 12. O-O O-O 13. Nb5 Nc7 14. Nxc7 Qxc7 15.
Rc1 Qb7 16. b4 Rac8 17. Qa4 b5 18. Qb3 Nb6 19. Rxc8 Rxc8 20. Rc1 Rxc1+ 21. Bxc1
Qc7 22. Qd1 Bxb4 23. Nd2 a5 24. a3 Be7 25. Nb3 Nc4 26. Qc2 Qb6 27. Qc3 h6 28.
Qa1 a4 29. Nd2 Nxd2 30. Bxd2 b4 31. axb4 Bxb4 32. Qb2 Ba5 33. Qxb6 Bxb6 34. Bc3
a3 35. Kf1 a2 36. Ke2 Ba5 37. Ba1 Kh7 38. f3 Kg6 39. Kd1 Kf5 40. Kc2 Be1 41. Kd3
Bf2 42. Ke2 Bg1 43. h3 h5 44. Kf1 Be3 45. Ke2 Bh6 46. Kd3 h4 47. g4+ Kf4 48. Ke2
Kg3 49. Bc3 Kxh3 50. Kf2 Bf4 51. Ba1 Kh2 52. Bc3 h3 53. Ba1 Be3+ 0-1

[Event "Challenge"]
[Site "http://www.queenalice.com/game.php?id=1217043"]
[Date "2013.9.14"]
[Round "-"]
[White "Trevuz"]
[Black "jeancarlo1910"]
[Result "1-0"]
[WhiteElo "2072"]
[BlackElo "2006"]

1. d4 c5 2. d5 Nf6 3. c4 d6 4. Nc3 g6 5. e4 Bg7 6. Nf3 Bg4 7. Be2 Nbd7 8. O-O
Bxf3 9. Bxf3 O-O 10. Be3 Ne5 11. Be2 a6 12. h3 Qd7 13. Qd2 Kh8 14. f4 Nxc4 15.
Bxc4 b5 16. Bd3 c4 17. Bc2 Nh5 18. Rab1 e6 19. Bd4 e5 20. fxe5 dxe5 21. Be3 f5
22. Bh6 f4 23. Bxg7+ Kxg7 24. Ne2 Ng3 25. Nxg3 1-0